Триумфалната арка (Запис номер 413406)
[ съкратено ]
| 000 -Лидер | |
|---|---|
| Лидер | 01494nam a2200289 a 4500 |
| 003 - Код на организацията, давaща контролен номер | |
| Код на организацията, даваща контролен номер | BLK |
| 005 - Дата и час на последна редакция | |
| Дата и час на последна редакция | 20250602153142.0 |
| 008 - Елементи от данни с фиксирана дължина | |
| Елементи с фиксирана дължина | 180409b bul|||||r ||||||| ||bul|| |
| 020 ## - Международен стандартен номер на книга ISBN | |
| ISBN | 9786192180256 |
| 040 ## - Източник на каталожния запис | |
| Код на библиотеката | BLK |
| 041 ## - Код за език | |
| Език | Български |
| Език за КДБФ | Български |
| 080 ## - УДК | |
| УДК текст | Немска литература |
| УДК код | 821.112.2 |
| УДК – определител | -31 |
| УДК – код + определител | 821.112.2-31 |
| 100 1# - Редна дума - Автор | |
| Автор | Ремарк, Ерих Мария |
| Биография на автора | Ремарк, Ерих Паул |
| R(LIN) | 257978 |
| 245 10 - Сведения за заглавието | |
| Заглавие | Триумфалната арка |
| Подзаглавни данни | Роман |
| Авторска отговорност | Ерих Мария Ремарк; прев. от нем. Невяна Розева. |
| 250 ## - Област на изданието | |
| Поредност на изданието | [3. изд.] |
| 257 ## - Страна на издаване | |
| Страна на създаване/издаване | България |
| 260 ## - Област на издателските данни | |
| Място на издаване | София |
| Име на издателя | Фама І |
| Година на издаване | 2020 |
| 9 (RLIN) | 221711 |
| Издателство - префикс ISBN | 978-619-218- |
| 300 ## - Физическа характеристика | |
| Брой страници | 464 с. |
| Размер | 21 см |
| 380 ## - Жанр | |
| Жанр | Худож. лит. |
| 490 ## - СЕРИИ (Колекции) | |
| 9 (RLIN) | 201252 |
| Серия | Класика |
| ISSN на серия | C624-2545 |
| 500 ## - Общи забележки | |
| Обща забележка | Ориг. загл.: Arc de Triomphe / Erich Maria Remarque. - 1. изд. 1946 на изд. М. Г. Смрикаров, в сер. Библиотека Световни автори : знаменити съвременни романи, Г. VIII, кн. 5 |
| 700 ## - Други автори (авторска отговорност) | |
| Друг автор | Розева, Невяна Любенова |
| Дати, свързани с автора | 1900 - 1970 |
| Друга информация | Преводач от английски, италиански, немски, полски, руски и френски езици. |
| Авт. отговорност на др. автор | прев. от нем. |
| 9 (RLIN) | 367712 |
| 852 ## - Местоположение | |
| Сигнатура (форматна) | Цб 318304 |
| Отдел | Хранилище |
| 942 ## - АРТИКУЛИ | |
| Вид на библиотечния документ | Книги |
| Скрит в OPAC | Не |
| Периодичен библиозапис | Да |
| Koha issues (borrowed), all copies | 14 |
| 944 ## - СЪЗДАВАНЕ И РЕДАКЦИЯ на ЗАПИСА | |
| Създаване/Редакция | Създаване |
| Дата на регистрацията/редакция | 2023-07-04 |
| Служител, извършил регистрацията/редакцията | 30560 |
| Номер на служител | Геновева Генчева |
| 999 ## - СИСТЕМНИ КОНТРОЛНИ НОМЕРА | |
| Koha biblionumber | 413406 |
| Koha biblioitemnumber | 413406 |
| Код за отписване | Код за изгубен артикул | Източник на класификационната схема | Код за повреда | Коз за рестрикции | Код за отдаване | Артикулен № | Име на библиотеката - собственик | Име на библиотеката, в която се намира в момента | Статус (Текущо местоположение) | Дата на вписване в системата | Местоположение - отдел | Цена в лева | Систематично азбучна сигнатура | Баркод | Цена в евро | Служебен тип на артикула | Инвентарен номер |
|---|---|---|---|---|---|---|---|---|---|---|---|---|---|---|---|---|---|
| Не е изгубен | Universal Decimal Classification | Не е повреден | без рестрикции | заемане за дома | 830354 | Регионална библиотека "Любен Каравелов" Русе | Регионална библиотека "Любен Каравелов" Русе | Заемна - подръчен фонд | 2021-05-17 | Заемна - подръчен фонд | 16.00 | 821-31/Р 51 Е | 120000855192 | 8.18 | Книги | ||
| Не е изгубен | Universal Decimal Classification | Не е повреден | без рестрикции | заемане за дома | 830355 | Регионална библиотека "Любен Каравелов" Русе | Регионална библиотека "Любен Каравелов" Русе | Заемна - подръчен фонд | 2021-05-17 | Заемна - подръчен фонд | 16.00 | 821-31/Р 51 Е | 120000855191 | 8.18 | Книги | ||
| Не е изгубен | Universal Decimal Classification | Не е повреден | без рестрикции | заемане за дома | 830356 | Регионална библиотека "Любен Каравелов" Русе | Регионална библиотека "Любен Каравелов" Русе | Заемна - подръчен фонд | 2021-05-17 | Заемна - подръчен фонд | 16.00 | 821-31/Р 51 Е | 120000855190 | 8.18 | Книги | ||
| Не е изгубен | Universal Decimal Classification | Не е повреден | ползва се в читалня | 929361 | Регионална библиотека "Любен Каравелов" Русе | Регионална библиотека "Любен Каравелов" Русе | Хранилище | 2023-07-11 | Хранилище | 25.00 | Цб 318304 | 120000889085 | 12.78 | Книги | 120000889085 |